Non-biological methods for assessment and remediation of contaminated land (Record no. 103078)

MARC details
000 -LEADER
fixed length control field 01030cam a2200265 4500
008 - FIXED-LENGTH DATA ELEMENTS--GENERAL INFORMATION
fixed length control field 030917n2003 000 0 eng u
020 ## - INTERNATIONAL STANDARD BOOK NUMBER
International Standard Book Number 086017588X
035 ## - SYSTEM CONTROL NUMBER
System control number (Sirsi) u123649
041 ## - LANGUAGE CODE
Language code of text/sound track or separate title eng
050 ## - LIBRARY OF CONGRESS CALL NUMBER
Classification number 333.73
-- 18
100 ## - MAIN ENTRY--PERSONAL NAME
Personal name Barr, D.
245 ## - TITLE STATEMENT
Title Non-biological methods for assessment and remediation of contaminated land
Remainder of title case studies
260 ## - PUBLICATION, DISTRIBUTION, ETC.
Place of publication, distribution, etc. London
Name of publisher, distributor, etc. CIRA
Date of publication, distribution, etc. 2003
300 ## - PHYSICAL DESCRIPTION
Extent 222p.
Dimensions 30cm.
350 ## - PRICE (NR) (BK AM CF MU VM SE) [OBSOLETE]
Price 100
490 ## - SERIES STATEMENT
Series statement CIRIA Report
Volume/sequential designation C588
520 ## - SUMMARY, ETC.
Summary, etc. This report includes a series of case studies showing that non-biological remediation technologies can cost-effectively treat a range of contaminants under redevelopment, transaction or proactive risk management scenarios. The case studies selected are representative of many of the technologies in commercial use in the UK. References.
650 ## - SUBJECT ADDED ENTRY--TOPICAL TERM
Topical term or geographic name entry element CONTAMINATED LAND
650 ## - SUBJECT ADDED ENTRY--TOPICAL TERM
Topical term or geographic name entry element REMEDIATION
650 ## - SUBJECT ADDED ENTRY--TOPICAL TERM
Topical term or geographic name entry element CONTAMINANTS
690 ## - LOCAL SUBJECT ADDED ENTRY--TOPICAL TERM (OCLC, RLIN)
Topical term or geographic name as entry element ENVIRONMENT-CONTAMINATION
700 ## - ADDED ENTRY--PERSONAL NAME
Personal name Bardos, R.P.
700 ## - ADDED ENTRY--PERSONAL NAME
Personal name Nathanail, C.P.
942 ## - ADDED ENTRY ELEMENTS (KOHA)
Suppress in OPAC 0
Holdings
Withdrawn status Lost status Source of classification or shelving scheme Damaged status Not for loan Home library Current library Shelving location Date acquired Total Checkouts Full call number Barcode Date last seen Copy number Price effective from Koha item type
    Dewey Decimal Classification     London London Books 17/09/2003   CIRIA REPORTS 30067772 23/04/2024 1 06/08/2019 Book